00517nam a2200133Ia 4500003000200000005001700002008004100019050002300060100002400083245015000107260008600257300002800343521001200371020250123113557.0140724s9999 xx 000 0 und d aRT 90b.Ab167 2012 aAburayyan, Nour P.  4aThe sensitivity of male and female nurses in caring as perceived by patients in Urban Tertiary Hospital of Muntinlupa City /cAburayyan, Nour P.  aLas Piñas, Philippines :bSouthville International School and Colleges,cc2012. a78 p. :bill. ;c28 cm. aNursing